| 000 | 00680nam a2200205Ia 4500 | ||
|---|---|---|---|
| 003 | IN-BaIIA | ||
| 008 | 211028s9999 xx 000 0 eng d | ||
| 020 | _a1-4020-1683-2 | ||
| 040 | _cIIA Library | ||
| 080 |
_a52(082.1) _bASS-298 |
||
| 245 | 0 |
_aStellar astrophysics _ba tribute to Helmut A. Abt _cedited by K. S. Cheng, K. C. Leung and T. P. Li |
|
| 260 |
_aDordrecht _bKluwer Academic _c2003 |
||
| 300 | _axxv, 322p. | ||
| 490 | _aAstrophysics and space science library; v. 298 | ||
| 650 |
_aAstrophysics _9794 |
||
| 650 | _aStars | ||
| 700 |
_aLeung, K. C., ed. _925857 |
||
| 700 |
_aLi, T. P., ed. _929580 |
||
| 942 | _cBK | ||
| 999 |
_c15997 _d15997 |
||